Normal view MARC view
  • Lee, William Rowland

Entry Personal Name

Number of records used in: 2

001 - CONTROL NUMBER

  • control field: 38514

003 - CONTROL NUMBER IDENTIFIER

  • control field: OSt

005 - DATE AND TIME OF LATEST TRANSACTION

  • control field: 20151019103426.0

008 - FIXED-LENGTH DATA ELEMENTS

  • fixed length control field: 151019|| aca||aabn | a|a d

040 ## - CATALOGING SOURCE

  • Original cataloging agency: OSt

100 1# - HEADING--PERSONAL NAME

  • Personal name: Lee, William Rowland

400 1# - SEE FROM TRACING--PERSONAL NAME

  • Personal name: Lee, W. R.
  • Fuller form of name: (William Rowland)

400 1# - SEE FROM TRACING--PERSONAL NAME

  • Personal name: Lee, William R.
  • Fuller form of name: (William Rowland)